Writing mathematics well : a manual for authors /

Bibliographic Details
Main Author: Gillman, Leonard
Format: Book
Language:English
Published: [Washington, D.C.] : Mathematical Association of America, [1987]
Subjects:

MARC

Tag First Indicator Second Indicator Subfields
LEADER 00000cam a2200000 a 4500
001 in00000013478
005 20151007052500.0
008 871112s1987 dcua b 00010 eng d
010 |a  87061962  
020 |a 0883854430 
035 |a (OCoLC)16967904 
035 |9 AAA7967AM 
040 |a MZN  |c MZN  |d TXA  |d UtOrBLW 
049 |a TXAM  |c [A10940568] 
050 4 |a QA42  |b .G45 1987 
100 1 |a Gillman, Leonard. 
245 1 0 |a Writing mathematics well :  |b a manual for authors /  |c by Leonard Gillman. 
264 1 |a [Washington, D.C.] :  |b Mathematical Association of America,  |c [1987] 
264 4 |c ©1987 
300 |a ix, 49 pages :  |b illustrations ;  |c 23 cm. 
336 |a text  |b txt  |2 rdacontent 
337 |a unmediated  |b n  |2 rdamedia 
338 |a volume  |b nc  |2 rdacarrier 
504 |a Bibliography: pages 45-49. 
650 0 |a Mathematics  |x Authorship. 
650 0 |a Technical writing. 
650 0 |a Mathematical notation. 
999 |a MARS 
999 f f |s 1c1304b6-90fb-3a96-b8a1-d58382ce5330  |i e31fb5c2-ea82-3acb-aecf-16e22ac2a6cb  |t 0 
952 f f |p normal  |a Texas A&M University  |b College Station  |c Sterling C. Evans Library  |d Evans: Library Stacks  |t 0  |e QA42 .G45 1987  |h Library of Congress classification  |i unmediated -- volume  |m A14810940568 
998 f f |a QA42 .G45 1987  |t 0  |l Evans: Library Stacks